[Event "UKR-ch 73rd"]
[Site "Kharkov"]
[Date "2004.08.28"]
[Round "3.1"]
[White "Romanishin, Oleg M"]
[Black "Goloshchapov, Alexander"]
[Result "1/2-1/2"]
[WhiteElo "2541"]
[BlackElo "2577"]
[Annotator "Ribli,Z"]
[PlyCount "105"]
[EventDate "2004.08.03"]
[EventType "k.o."]
[EventRounds "5"]
[EventCountry "UKR"]
[SourceTitle "CBM 103"]
[Source "ChessBase"]
[SourceDate "2004.11.11"]
[SourceVersion "1"]
[SourceVersionDate "2004.11.11"]
[SourceQuality "1"]

1. d4 d5 2. c4 e6 3. Nf3 Nf6 4. g3 dxc4 5. Bg2 c6 {Diese Variante spielt
Goloshchapov sehr gern. Diese Fortsetzung wurde von Paul Keres schon 1947 in
die Turnierpraxis eingeführt (er spielte so gegen Bondarevsky). Schwarz möchte
seinen c4-Bauern einfach mit 6...b5 verteidigen.} 6. O-O {Das ist die weniger
direkte Fortsetzung, 6.Ne5 ist die Alternative.} (6. Ne5 Bb4+ 7. Bd2 (7. Nc3
Nd5 8. Bd2 b5 9. a4 Bb7 10. O-O Nd7 11. Nxd5 Bxd2 12. Nxd7 Qxd7 13. Nf6+ gxf6
14. Qxd2 a6 {1/2-1/2 Dizdar,G-Goloshchapov,A/Austria 2001/EXT 2002 (14)}) (7.
Nc3) 7... Be7 (7... Qxd4) 8. e3 O-O 9. Nxc4 c5 10. dxc5 Bxc5 11. b4 Be7 12. O-O
a6 13. Na5 Nd5 14. a3 b6 15. Nc4 Bb7 16. e4 Nf6 17. Be3 Nbd7 18. Nbd2 Rc8 19.
Rc1 {1/2-1/2 Rausis,I-Goloshchapov,A/Germany 2003/CBM 100 ext (19)}) 6... b5 7.
Ne5 Bb7 8. a4 a6 9. axb5 (9. Nc3 Qb6 10. e4 Bb4 11. Be3 O-O 12. Na2 Be7 13. b3
cxb3 14. Qxb3 c5 15. dxc5 Bxc5 16. a5 Qa7 17. Rac1 Bxe3 18. Qxe3 Qxe3 19. fxe3
Nbd7 {0-1 Nielsen,P-Jaracz,P/Warsaw POL 2003/(41)}) (9. b3 cxb3 10. Bb2 Nd5 11.
Nd2 Nd7 12. Nxd7 Qxd7 13. Nxb3 Rd8 14. e4 Nb6 15. Nc5 {1/2-1/2 Poluljahov,
A-Maiorov,O/Krasnodar 1997/EXT 99 (22)}) 9... axb5 10. Rxa8 Bxa8 11. Nc3 {
Weiss hat einen Bauern weniger, aber eine aktive Figurenstellung und
Entwicklungsvorteil. Jetzt droht 12.Nxb5.} Nbd7 {Schwarz lässt seinen
c6-Bauern unverteidigt, entwickelt aber sein Damenflügel. Einen Tag (!) später
spielte Goloshchapov gegen Romanishin 11...Qb6!? und hat endlich diese Partie
gewonnen.} (11... Qb6 $5 12. b3 (12. Be3 Nd5) 12... cxb3 13. Qxb3 Be7 14. Be3
Nd5 15. Ra1 Bb7 16. Bxd5 exd5 17. Nd3 O-O 18. Nc5 Bc8 19. Ra8 Bxc5 20. dxc5 Qb7
{0-1 Romanishin,O-Goloshchapov,A/Kharkov 2004/CBM 103 (35)}) (11... Nd5 12. e4
Nxc3 13. bxc3 Be7 14. Qg4 g6 15. Bh6 Bb7 16. Rb1 Qc7 17. Qf4 Bd6 18. Qf6 Rg8
19. Bf4 $44 {1-0 Bauer,C-David,A/Clichy FRA 2004/(85)}) 12. Bg5 {[%mdl 4]
Dieser Zug führt zu nachhaltiger weisser Kompensation. Statt dessen ist 12.
Nxc6 möglich, und nach Vereinfachungen bekommen wir eine ausgeglichene
Stellung.} (12. Nxc6 Qb6 13. d5 Bc5 14. b4 exd5 15. Nxd5 Qxc6 16. Nxf6+ Qxf6
17. Bxa8 Bxb4 18. Bf4 Nb6 19. Qb1 O-O 20. Qxb4 Rxa8 21. Qxb5 c3 {1/2-1/2
Peelen,P-Filippov,V/Groningen 1995/CBM 50 ext (61)}) 12... Qb6 (12... Nxe5 13.
dxe5 Qxd1 14. Rxd1 Nd5 (14... Nd7 $2 15. Ra1 Bb7 (15... Nb6 16. Rxa8+ Nxa8 17.
Bxc6#) 16. Ra7 $18) 15. Ra1 Bb7 16. Ra7 h6 17. Bd2 Bc8 18. Ne4 $36) (12... h6
13. Bxf6 gxf6 14. Nxc6 Qb6 15. d5 $36) 13. Be3 {[%cal Ge3b6]} (13. Nxd7 Nxd7
$15) 13... Nd5 {Schwarz verteidigt sich gegen die Möglichkeit 14.d5.} (13...
Qc7 14. Qa1 (14. Nxb5 cxb5 15. Bxa8 Nxe5 16. dxe5 Nd7 $11) 14... Bb7 15. Qa7
Nd5 16. Bf4 Nxf4 17. gxf4 $44) 14. Nxd7 Kxd7 15. Bd2 {[%cal Ge2e4]} (15. Ne4
$44) 15... Qxd4 16. e4 $44 {Weiss hat schon zwei Bauern weniger, aber der
schwarze König steht in der Mitte exponiert und es ist nicht klar, wie die
schwarzen Figuren ins Spiel kommen können.} Nc7 (16... Nxc3 17. bxc3 (17. Bxc3
Qxd1 18. Rxd1+ Kc8 $17) 17... Qd6 (17... Qd3 18. Qa1 {[%csl Ra8,Rd7][%cal
Rf1d1,Rd1d7,Ra1a8]}) 18. e5 $44 (18. Qa1 Qa3)) 17. Qf3 (17. Qc1 {[%cal Gf1d1,
Gd1d7]} Kc8 18. Rd1 $44) 17... Kc8 (17... Qxd2 18. Rd1 Qxd1+ 19. Qxd1+ Kc8 20.
Qh5 f6 21. Qf7 $14 {Schwarz hat Turm, Läufer und zwei Bauern für die Dame,
aber seine Figurenkoordination ist weniger gut.}) 18. Bf4 {[%csl Ra8,Rc8][%cal
Gf1d1,Gd1d8] Weiss hat ein lebendiges Figurenspiel, im folgenden kommt 19.R d1
mit weisser Initiative, da der schwarze König unsicher steht und der a8B
eingeschlossen ist.} Bc5 19. Rd1 (19. Be3 Qe5 20. Bxc5 Qxc5 21. Qxf7 Qf8 22.
Qh5 $44) 19... Qf6 20. e5 Qe7 (20... Qg6 21. Ra1 $44) 21. Ne4 {[%csl Yd6][%cal
Ge4d6]} Nd5 $8 {Schwarz gibt einen Bauern zurück.} 22. Bg5 f6 (22... Qa7 $2 23.
Nxc5 Qxc5 24. Qxf7 $18) 23. exf6 gxf6 24. Nxf6 (24. Bxf6 Nxf6 25. Nxc5 Qxc5 26.
Qxf6 Re8 27. Be4 $44) 24... Qf7 $1 {[%cal Gf7f3] Schwarz verteidigt sich gut.
Wenn nun der f6-Springer zieht kann er die Damen tauschen.} 25. Ne4 Qxf3 26.
Bxf3 Be7 (26... Bb6 27. Bg4 Kd7 28. Nf6+ Kd6 29. Ne4+ Ke5 (29... Kd7 30. Nf6+)
30. Re1 $44) 27. Bxe7 Nxe7 28. Nc5 {[%csl Ra8,Gc5,Re6,Gf3] Weiss hat noch
einen Bauern weniger, aber der e6P ist sehr schwach und der a8B ist noch immer
eingeschlossen.} (28. Bg4 Nd5 29. Bxe6+ Kc7 $11) 28... Rd8 29. Rxd8+ (29. Re1
Rd2 30. Rxe6 Kd8 31. Re2 $11 (31. Re1 Rxb2 32. Ra1 Kc7 33. Rxa8 c3 $11)) 29...
Kxd8 30. Nxe6+ Kc8 {[%mdl 4096] Weiss hat das materielle Gleichgewicht
erreicht und Schwarz muss noch kämpfen, um seinen Läufer ins Spiel zu bringen.}
(30... Kd7 $2 31. Nf8+ Kd6 32. Nxh7 Nd5 33. Ng5 b4 34. Kf1 $16) 31. h4 $14 {
Weiss hat die Bauernmehrheit am Königsflügel, was im Endspiel einen kleinen
Vorteil verspricht. Aber das Material ist reduziert, was Schwarz gute
Remischancen gibt.} h6 32. Be4 Kd7 33. Nf4 (33. Nc5+ $2 Kd6 {[%csl Rc5,Gd6]}
34. b4 Nd5 $19) 33... Kd6 {[%csl Gd6] Der schwarze König steht aktiv im
Zentrum.} 34. f3 Nd5 35. Ne2 Nf6 (35... Ne3 $5) 36. Bg6 c5 $11 {[%csl Ga8]
[%cal Ga8f3] Endlich kann Schwarz die Diagonale des a8-Läufers öffnen.} 37. Kf2
b4 38. g4 {Weiss spielt am Königsflügel, Schwarz am Damenflügel.} Bc6 39. g5
hxg5 40. hxg5 Be8 (40... Nd5 41. f4) 41. Bb1 (41. Bxe8 Nxe8 $11) 41... Nd5 42.
Be4 (42. f4 Bh5 $11) 42... Ke5 43. Bb1 (43. Bxd5 Kxd5 44. Ke3 Ke6 45. Ng3 c3
46. bxc3 b3 47. Kd2 Ke5 $11) 43... Ba4 {[%cal Gc4c3,Gc3c2]} 44. Kg3 c3 45. bxc3
Nxc3 (45... bxc3 46. f4+ Nxf4 (46... Kd6 47. Be4) 47. Nxf4 c2 $11) 46. f4+ Ke6
47. f5+ Kf7 48. Bd3 Nxe2+ 49. Bxe2 Bc2 50. Bc4+ Kf8 51. f6 b3 52. g6 {Droht 53.
g7#, Schwarz muss den Bauern nehmen.} Bxg6 53. Bxb3 1/2-1/2

[Event "Budapest FS12 GM-A"]
[Site "Budapest"]
[Date "2001.12.09"]
[Round "9"]
[White "Ilincic, Zlatko"]
[Black "Berkes, Ferenc"]
[Result "1/2-1/2"]
[WhiteElo "2521"]
[BlackElo "2541"]
[Annotator "Ribli,Z"]
[PlyCount "111"]
[EventDate "2001.11.01"]
[EventType "tourn"]
[EventRounds "13"]
[EventCountry "HUN"]
[EventCategory "10"]
[SourceTitle "CBM 087"]
[Source "ChessBase"]
[SourceDate "2002.03.21"]
[SourceVersion "1"]
[SourceVersionDate "2002.03.21"]
[SourceQuality "1"]

1. d4 Nf6 2. c4 e6 3. Nf3 d5 4. g3 dxc4 5. Bg2 a6 6. O-O Nc6 {Diese Variante
ist chancenreicher für Schwarz, als die direkte Fortsetzung 6...b5.} 7. Nc3 Rb8
8. e4 (8. Ne5 Nxe5 9. dxe5 Qxd1 10. Rxd1 Nd7 11. f4 b5 12. a4 $13) 8... Be7 9.
d5 Nb4 (9... exd5 10. exd5 Nb4 11. Ne5 {Das wäre nur Zugumstellung zur
Partiefortsetzung.}) 10. Ne5 exd5 11. exd5 Bf5 12. a3 (12. Bg5 $6 O-O 13. a3
Nbxd5 14. Nxd5 Nxd5 15. Bxd5 Bxg5 16. Qf3 Qf6 17. Rfe1 Be6 $17) 12... Nd3 13.
Nxc4 Nxc1 14. Rxc1 {Weiss hat - dank seines d5-Bauern - Raumvorteil, aber
Schwarz hat das Läuferpaar und eine feste Stellung.} O-O 15. Qd4 {Das ist die
Lieblingsvariante des Weißspielers.} Ne8 {[%cal Ge8d6] Das ist ein bekanntes
Springermanöver - der Springer zielt auf das Feld d6.} (15... Bd6 16. Nd2 (16.
Rfe1 $14) 16... Re8 17. Rfe1 Ng4 18. Nf3 Qf6 19. Qxf6 Nxf6 20. Rxe8+ Rxe8 21.
Re1 Rxe1+ 22. Nxe1 Nd7 {0-1 Rubio Mancebon,P-Korneev,O/Seville ESP 2002/(42)})
(15... Nd7 $6 16. d6 Bxd6 17. Nxd6 cxd6 18. Qxd6 {1-0 Ivanchuk,V-Karpov,A/
Monaco 2000/CBM 75 (44) Ribli.}) 16. Rfe1 Nd6 17. Ne5 h6 (17... Re8 18. h3 $5
Bf8 19. Kh2 Qf6 20. f4 {[%csl Ge5]} h5 21. h4 Rbd8 {1/2-1/2 Ilincic,Z-Shabalov,
A/Istanbul 2000/EXT 2001/[Ribli] (65)}) 18. h3 {[%mdl 32] Das ist ein starker
positioneller Zug - Weiß möchte seine Springerstellung mit f2-f4 verstärken,
aber zuerst möchte er seinen König auf h2 in Sicherheit bringen.} Re8 {[%cal
Ge7f6,Gf6d4]} 19. Kh2 Bh7 (19... Bf6 20. f4 Re7 $11) 20. Qa4 {Früher oder
später spielt Schwarz Bf6, deshalb geht Weiß mit der Dame von d4 weg.} Bf6 21.
f4 {[%csl Ge5] Weiß hat einen starken Springer auf e5, aber wie kann er
weiterkommen?} Re7 $1 $11 {[%cal Gd8e8,Ge8a4] Ein starker prophylaktischer Zug
- Schwarz möchte 22...Qe8 ziehen und den e5-Springer verjagen.} 22. Ng4 (22.
Re2 Qe8 23. Qxe8+ Rbxe8 24. Rce1 $11) 22... Bxc3 (22... Rxe1 23. Rxe1 $11) 23.
bxc3 Qe8 $1 24. Qd1 (24. Qxe8+ Rbxe8 $15 {[%cal Ge8e1]}) 24... Rxe1 25. Qxe1
Qa4 $15 {Schwarz hat die bessere Bauernstruktur und seine Dame steht sehr
aktiv auf a4.} 26. c4 $8 Qxa3 (26... Nxc4 27. Qe7 $132) (26... b6 27. c5 (27.
Qb4 Qxb4 28. axb4 $11) 27... bxc5 28. Rxc5 $11) 27. c5 $132 {[%csl Gc5,Gd5]}
Re8 (27... Nf5 $142 $5) 28. cxd6 {Weiß muss die Dame opfern. Es folgt nun ein
starker taktischer Kampf.} Rxe1 29. Rxe1 Bf5 (29... Qxd6 $2 30. Re8+ Qf8 31.
Rxf8+ Kxf8 32. Kg1 $16) 30. Re8+ Kh7 31. dxc7 $13 h5 32. Ne5 (32. Ne3 {[%csl
Rf5]} Bd7 $1 (32... Qd6 33. Nxf5 Qxc7 34. d6 $18) 33. Rd8 Qxe3 34. Rxd7 h4 $11)
32... h4 $1 {[%cal Ra3g3,Rg3h2]} 33. Nf3 {Der Springer muss zurückkommen -
Weiß muss seinen Königsflügel verteidigen.} (33. g4 Qg3+ 34. Kh1 Qxf4 35. gxf5
Qc1+ 36. Kh2 Qf4+ $11 (36... Qxc7 $13)) 33... hxg3+ 34. Kxg3 Qc5 35. d6 Qxd6
36. c8=Q Bxc8 37. Rxc8 {[%mdl 4096] Nach forcierten Zügen haben wir ein
Endspiel, in dem Weiß R+B+N gegen die Q und zwei P hat. Die schwarzen
Freibauern sind gefährlich, aber Weiß hat auch seine Gegenchancen am
Königsflügel.} f6 {Auf diese Weise verteidigt sich Schwarz gegen 38.Ng5+.} (
37... Qd3 38. Rc7 $13) 38. h4 {[%cal Gg2h3,Gh3f5]} b5 39. Bh3 (39. h5 $13)
39... g6 (39... a5 40. h5 $13) 40. Re8 {[%cal Re8e6,Re6a6,Re6f6]} a5 41. Re6
Qd8 42. Ra6 {[%csl Ga6] Der Turm steht aktiv auf a6 - er kontrolliert den
a-Bauern, den f6-Bauern und wenn es sein muss, kann er Ra7+ geben.} b4 43. Be6
{[%cal Ge6a2]} (43. f5) 43... Kh6 44. Ba2 Qd3 (44... Kh5 45. Bb1) 45. Rxa5 (45.
Rxf6 b3 (45... a4 46. Bf7) 46. Bxb3 Qxb3 47. f5 Qb8+ $11 (47... a4 48. Rxg6+
Kh7 49. Kf4 $132)) 45... b3 46. Bxb3 Qxb3 $11 {Weiss hat Turm und Springer
gegen die Dame - wegen des reduzierten Materials kann Schwarz seinen
Materialvorteil nicht entwerten.} 47. Ra8 Qb7 48. Rh8+ Kg7 49. Rd8 Kf7 50. Rd1
Qb3 51. Re1 Qb4 52. Re2 Qc4 53. Re1 Qd3 54. Kf2 Qd7 {Schwarz möchte 55...Qh3
oder 55...Qg4 spielen, aber das hat keine Bedeutung - Weiß hat eine leicht zu
verteidigende Stellung.} 55. Kg3 Kg7 56. Ra1 1/2-1/2

[Event "Corus-B"]
[Site "Wijk aan Zee"]
[Date "2002.01.16"]
[Round "2"]
[White "Sokolov, Ivan"]
[Black "Skripchenko, Almira"]
[Result "1-0"]
[WhiteElo "2659"]
[BlackElo "2498"]
[Annotator "Ribli,Z"]
[PlyCount "85"]
[EventDate "2002.01.15"]
[EventType "tourn"]
[EventRounds "11"]
[EventCountry "NED"]
[EventCategory "11"]
[SourceTitle "CBM 087"]
[Source "ChessBase"]
[SourceDate "2002.03.21"]
[SourceVersion "1"]
[SourceVersionDate "2002.03.21"]
[SourceQuality "1"]

1. d4 d5 2. Nf3 e6 3. g3 Nf6 4. Bg2 c5 5. O-O Nc6 6. c4 dxc4 {Mit
Zugumstellung ist die Grundstellung der Klassischen Variante (4...c5 und 5...
Nc6) der Katalanischen Eröffnung entstanden.} 7. Qa4 {Weiß spielt die alte
Fortsetzung - die Alternative 7.Ne5 wird heutzutage oft gespielt.} (7. Ne5 Bd7
8. Na3 cxd4 9. Naxc4 {Das ist eine populäre Variante - Weiß hat dauerhafte
Kompensation für den Bauern.}) 7... Bd7 8. Qxc4 b5 (8... cxd4 9. Nxd4 Rc8 10.
Nc3 Nxd4 11. Qxd4 $14) 9. Qd3 Rc8 10. dxc5 Bxc5 11. Nc3 b4 12. Ne4 (12. Nb5 O-O
13. Be3 Bxe3 14. Qxe3 Ne7 (14... Nd5)) 12... Nxe4 13. Qxe4 O-O (13... Qe7 14.
Be3 $14) 14. Rd1 {[%cal Gd1d8]} Qe7 15. Bg5 {Mit diesem Zug provoziert Weiß
eine Schwächung der schwarzen Stellung.} f6 16. Bh3 $5 (16. Be3 $36) 16... Nd8
$6 {Dieser Zug gefällt mir nicht - der Springer steht unglücklich auf d8.} (
16... Kh8 17. Be3 Bxe3 18. Qxe3 $14 {0-1 Doyle,A-Fernandez Garcia,J/Marbella
1982/MCD (25)}) (16... Nb8) 17. Be3 Bc6 $2 {[%mdl 8192] Dieser Zug kostet
einen Bauern.} (17... Bxe3 18. Qxe3 $14) 18. Bxc5 Qxc5 19. Bxe6+ $16 Kh8 $6 (
19... Nxe6 20. Qxe6+ Kh8 21. Rac1 Bd5 22. Rxc5 Bxe6 23. Nd4 $1 (23. Rxc8 Rxc8
24. a3 bxa3 25. bxa3 Bh3 $14) 23... Bxa2 (23... Rcd8 24. b3 $16) 24. Ra5 $16 {
[%cal Ra5a7,Ra5a2]}) 20. Bd5 {Weiß hat einen Bauern mehr - Schwarz hat keine
Kompensation.} Bb5 (20... Bxd5 21. Rxd5 $16) 21. Nd4 {[%csl Gd4,Gd5,Ge4]} Re8
22. Qf3 Ba6 23. e4 {[%csl Gd5] Der d5B dominiert auf dem Brett.} Nb7 24. Nf5 {
Droht 25.Bxb7 Bxb7 26.Nd6 mit weiterem Materialgewinn.} Rc7 25. Qf4 {[%cal
Ra1c1,Rc1c7]} Qb6 26. Rac1 Rxc1 (26... Rec8 27. Ne7 $1 Rxc1 28. Ng6+ $1 hxg6
29. Qh4#) 27. Rxc1 Nc5 28. Qd6 $1 Nd3 (28... Nxe4 29. Bxe4 $18) (28... Qxd6 29.
Nxd6 Nd3 30. Rc6 $18) 29. Qxb6 axb6 30. Rc7 {[%cal Rc7h7]} Rc8 (30... Nxb2 31.
Nxg7 $18) 31. Rxc8+ $1 {Diese Vereinfachung ist klar die beste Möglichkeit für
Weiß.} (31. Rxg7 $16) 31... Bxc8 32. Nd6 Ba6 33. Nf7+ Kg8 34. Ne5+ Kf8 35. Nxd3
Bxd3 {[%mdl 4096]} 36. f4 {[%cal Gg1f2,Gf2e3,Ge3d4] Nach forcierten Zügen ist
ein Läuferendspiel entstanden, in dem Weiß einen Bauern mehr hat.
Nachfolgendend erscheint der weiße König im Zentrum.} Ke7 37. Kf2 Kd6 38. Ke3
Bf1 39. Kd4 Ke7 (39... Ba6 40. e5+ Ke7 41. Bc4 Bb7 42. Bg8 h6 43. Kc4 $18) 40.
Bc4 Bg2 41. Bd3 $18 {[%cal Rd4c4,Rc4b4]} Bh3 42. Kc4 Be6+ 43. Kxb4 (43. Kxb4
Bxa2 44. b3 $18 {[%csl Ra2]}) 1-0

[Event "Montreal-A 5th"]
[Site "Montreal"]
[Date "2004.08.12"]
[Round "8"]
[White "Huzman, Alexander"]
[Black "Novikov, Igor A"]
[Result "1/2-1/2"]
[WhiteElo "2588"]
[BlackElo "2610"]
[Annotator "Ribli,Z"]
[PlyCount "58"]
[EventDate "2004.08.04"]
[EventType "tourn"]
[EventRounds "11"]
[EventCountry "CAN"]
[EventCategory "12"]
[SourceTitle "CBM 103"]
[Source "ChessBase"]
[SourceDate "2004.11.11"]
[SourceVersion "1"]
[SourceVersionDate "2004.11.11"]
[SourceQuality "1"]

1. d4 d5 2. c4 e6 3. Nf3 Nf6 4. g3 dxc4 5. Bg2 a6 {Diese Zugfolge ist sehr
populär in der letzten Zeit und nach 6.0-0 kann Schwarz 6...Nc6 spielen (6...
b5 wird heutzutage weniger gespielt).} (5... c5 6. O-O Nc6 7. Ne5 Bd7 8. Na3
cxd4 9. Naxc4) 6. Ne5 {Mit dieser Nebenvariante vermeidet Weiss die
theoretischen Hauptabspiele.} c5 7. Na3 (7. Be3) 7... cxd4 8. Naxc4 {Eine
ähnliche Stellung wird mit der Variante 5...c5 6.0-0 Nc6 7.Ne5 Bd7 8.Na3 cxd4
9.Naxc4 erreicht. Weiss hat in beiden Fällen einen Bauern weniger, aber dank
seines starken g2-Läufers und dem guten Figurenspiel hat er nachhaltige
Kompensation für den Bauern.} Ra7 9. Bd2 {[%cal Gd2a5,Ga5d8] Mit diesem
Entwicklungszug droht Weiss 10.Ba5 zu spielen.} (9. O-O b5 (9... Bc5 10. b4 Be7
11. Bb2 d3 12. Qxd3 Qxd3 13. Nxd3 Nbd7 14. Bd4 Ra8 15. Nc5 $14 {1-0 Dorfman,
J-Lukacs,P/Austria 2002/EXT 2003 (24)}) 10. Nc6 Nxc6 11. Bxc6+ Bd7 12. Ne5 Qb6
13. Bf3 Bd6 {1/2-1/2 Tukmakov,V-Riazantsev,A/Geneve 2004/CBM 98 ext (13)}) (9.
a4 b6 10. O-O Bb7 11. Nf3 Bc5 12. Bg5 O-O 13. Rc1 a5 14. Qb3 Nbd7 15. Rfd1 {
1-0 Piket,J-Collas,D/Lisbon 2001/EXT 2002 (41)}) 9... b6 10. O-O {Diese ruhige
Fortsetzung wurde noch nie gespielt. Weiss beschäftigt sich nicht mit dem
b6-Bauern, sondern entwickelt seine Figuren. Im Falle von 10.Qb3 Bb7 kann
Schwarz das Spiel ausgleichen.} (10. Qb3 Bb7 11. Bxb7 Rxb7 12. Na5 Ra7 (12...
Re7 13. Nac6 Nxc6 14. Nxc6 Qa8 15. Rc1 Rc7 16. Qxb6 Nd5 17. Qb8+ Qxb8 18. Nxb8
Rxc1+ 19. Bxc1 Bd6 20. Nc6 e5 {1/2-1/2 Kopylov,M-Yakovich,Y/Hamburg 1999/EXT
2001 (48)}) 13. O-O Ne4 $1 14. Qa4+ b5 15. Qc2 Nxd2 16. Qxd2 Qd5 17. Nf3 Bc5
18. Nb3 {1/2-1/2 Dizdar,G-Novikov,I/Luzern 1997/CBM 62/[Ftacnik] (29)}) 10...
Bb7 {Auf diese Weise kann Schwarz seinen weissfarbigen Läufer entwickeln (was
nicht immer so einfach ist, wenn der gegnerische Läufer auf g2 steht) und den
katalanischen Läufer des Gegners tauschen.} 11. Bxb7 Rxb7 12. Rc1 Bc5 (12...
Nbd7 13. Nc6 Qc8 14. Bf4 $44) (12... Be7 $5 {Dieser ruhige Läuferzug kommt in
Betracht.} 13. Bc3 ({Nach} 13. Be3 $4 {[%cal Gd1d8,Re5f7,Rc4d6] funktioniert
im Gegensatz zur Partie (mit dem Plustempo b2-b4) der Zug} b5 $19) 13... dxc3
14. Qxd8+ Kxd8 (14... Bxd8 15. Nd6+ $16) 15. Nxf7+ Ke8 16. Nxh8 cxb2 17. Nxb2
Bc5 18. Nd3 Nbd7 $13 {[%csl Rh8]}) 13. b4 Be7 {[#]} 14. Be3 $1 {[%mdl 64] So
gewinnt Weiss den d4-Bauern zurück.} O-O (14... dxe3 15. Qxd8+ Kxd8 (15... Bxd8
16. Nd6+ $16 {[%cal Rd6b7,Rd6e8]}) 16. Nxf7+ Ke8 17. Nfd6+ $1 $16 (17. Nxh8
exf2+ 18. Kxf2 Bxb4 $132)) 15. Bxd4 $14 {Die Stellung ist materiell gleich,
aber Weiss hat das bessere Figurenspiel. Obwohl es in der schwarzen Stellung
keine nennenswerte Schwächen gibt, muss Schwarz um den Ausgleich noch kämpfen.}
Nfd7 {Schwarz muss möglichst den e5-Springer tauschen.} (15... Nbd7 $6 16. Nc6
Qe8 17. Qa4 $16) (15... Bxb4 $5 16. Bxb6 Qxd1 (16... Qd5 $11) 17. Rfxd1 Nbd7
$11) 16. Qb3 {[%cal Gf1d1,Gd1d8]} Nxe5 17. Bxe5 Rd7 {[%cal Gd8d1]} (17... Nd7
18. Rfd1 $14) 18. Rfd1 {[%csl Rb8] Schwarz muss noch das Problem mit der
Entwicklung des b8-Springers lösen.} Rd5 {[%mdl 256]} (18... Nc6 19. Rxd7 Qxd7
20. Nxb6 Qb7 21. Qf3 Qxb6 22. Qxc6 Qxb4 23. Qxa6 $16) (18... b5 19. Na5 $14)
19. e4 Rd7 20. a3 (20. Bxb8 Rxd1+ 21. Rxd1 Qxb8 22. Rd7 Qe8 {Das sieht zwar
nicht schön aus, ist aber nicht schlecht.} 23. Ra7 b5 24. Ne5 Bf6 25. Nd7 Bd4
$11) 20... Nc6 {Wir haben fast die gleiche Stellung wie nach 18.R fd1 Nc6 mit
dem Unterschied, dass Weiss die Pluszüge 19.e4 und 20.a3 ausgeführt hat. Aber
wegen des Zugs 19.e4 kann Schwarz nach den Vereinfachungen den e4-Bauern
nehmen.} 21. Rxd7 Qxd7 22. Nxb6 Qb7 23. Nc4 (23. Bxg7 Qxb6 (23... Kxg7 24. Qc3+
$16 {[%cal Rc3g7,Rc1c6]}) 24. Bxf8 Bxf8 25. Qe3 $1 Qb5 $14 (25... Qxe3 26. fxe3
$16 {[%csl Ra6,Gc1,Rc6]})) 23... Nxe5 24. Nxe5 Qxe4 $11 {[%csl Ge4] Die
Stellung ist materiell wieder gleich. Die weisse Bauernmehrheit am Damenflügel
wird durch die aktive schwarze Dame ausgeglichen.} 25. Nc6 Bg5 26. Qc4 Qf3 (
26... Qxc4 $6 27. Rxc4 $14) 27. Rc3 Qd1+ 28. Kg2 Qa4 29. Qc5 h6 1/2-1/2